Healthcare delivery reform and new technologies : organizational initiatives /
"This book contains cross-disciplinary research on strategic initiatives for healthcare reform that impact not only patients, but also organizations, healthcare providers, and policymakers"--Provided by publisher.
Salvato in:
| Autore principale: | |
|---|---|
| Natura: | Libro |
| Pubblicazione: |
Hershey :
Medical Information Science Reference ,
c2011.
|
| Soggetti: | |
| Tags: |
Aggiungi Tag
Nessun Tag, puoi essere il primo ad aggiungerne!!
|
MARC
| LEADER | 00000cam a2200000 a 4500 | ||
|---|---|---|---|
| 020 | |a 9781609601836 |c TZS 425,050.1 | ||
| 040 | |a MUL |b eng |e AACR | ||
| 082 | 0 | 0 | |a 362.10425 GUA |
| 100 | |a Guah, Matthew. | ||
| 245 | 0 | 0 | |a Healthcare delivery reform and new technologies : |b organizational initiatives / |c Matthew, Guah. |
| 260 | |a Hershey : |b Medical Information Science Reference , |c c2011. | ||
| 300 | |a xxvii, 434 p. : |b ill. ; |c 29 cm. | ||
| 504 | |a Includes bibliographical references (p. 372-417) and index. | ||
| 520 | |a "This book contains cross-disciplinary research on strategic initiatives for healthcare reform that impact not only patients, but also organizations, healthcare providers, and policymakers"--Provided by publisher. | ||
| 546 | |a eng | ||
| 650 | 0 | |a Health care reform |z United States. | |
| 650 | 0 | |a Medical informatics. | |
| 942 | |c BK | ||
| 999 | |c 2070 |d 2070 | ||